Précis de droit administratif et de droit public / (Record no. 78571)

MARC details
000 -LEADER
campo de control de longitud fija 00542nam a2200169 i 4500
001 - NÚMERO DE CONTROL
campo de control 78571
003 - IDENTIFICADOR DE NÚMERO DE CONTROL
campo de control ES-MaACL
005 - FECHA Y HORA DE LA ÚLTIMA TRANSACCIÓN
campo de control 20230906173740.0
007 - CAMPO FIJO DE DESCRIPCIÓN FÍSICA--INFORMACIÓN GENERAL
campo de control de longitud fija t|
008 - DATOS DE LONGITUD FIJA--INFORMACIÓN GENERAL
campo de control de longitud fija 041014s1933 fr ||||1| fre d
100 1# - ENTRADA PRINCIPAL--NOMBRE DE PERSONA
Nombre de persona Hauriou, Maurice.
9 (RLIN) 62103
245 10 - MENCIÓN DEL TÍTULO
Título Précis de droit administratif et de droit public /
Mención de responsabilidad, etc. par Maurice Hauriou.
250 ## - MENCION DE EDICION
Mención de edición 12ème ed., rev. et mise au courant
Resto de la mención de edición par André Hauriou.
260 ## - PUBLICACIÓN, DISTRIBUCIÓN, ETC.
Lugar de publicación, distribución, etc. Paris :
Nombre del editor, distribuidor, etc. Recueil Sirey.,
Fecha de publicación, distribución, etc. 1933 (
Lugar de fabricación/manufactura Bordeaux :
Fabricante Delmas)
300 ## - DESCRIPCIÓN FÍSICA
Extensión XX, 1150 p. ;
Dimensiones 23 cm.
852 ## - LOCALIZACIÓN
Ubicación ES-MaACL
Número de control de estantería A-1561
Holdings
Estatus retirado Estado de pérdida Estado de daño No para préstamo Biblioteca de origen Biblioteca actual Ubicación en estantería Fecha de adquisición Fuente de adquisición Total de préstamos Signatura topográfica completa Código de barras Visto por última vez Precio de reemplazo Tipo de ítem Koha
        Biblioteca del Ateneo de Madrid Biblioteca del Ateneo de Madrid Sala Pecera Planta 1 17/01/2008     A-1561 1082180 23/02/2023 23/02/2023 Libro impreso